Black white + gray : a portrait of Sam Wagstaff + Robert Mapplethorpe /

Збережено в:
Бібліографічні деталі
Інші автори: Capote, Truman (Виконавець), Mapplethorpe, Robert (Виконавець), Dunne, Dominick (Виконавець), Parry, Eugenia (Виконавець), Crump, James (Режисер), Smith, Patti (Виконавець), Cavett, Dick (Виконавець), Geldzahler, Henry (Виконавець), Wagstaff, Samuel J. (Виконавець), Beck, Joan Juliet (Виконавець), Fraenkel, Jeffrey (Виконавець)
Формат: Слайд
Мова:Англійська
Опубліковано: London : Revolver Entertainment, 2008
Теги: Додати тег
Немає тегів, Будьте першим, хто поставить тег для цього запису!

MARC

LEADER 00000ngm a22000007i 4500
001 IT\ICCU\UBO\3947485
003 ItRI
005 20260124182844.0
008 120627s2008 xxk|||||||||||||||k|||||c
028 3 2 |a REVD2144 
040 |b ita 
041 7 |a eng  |2 ISO-639-2 
130 0 |a Black white + gray : a portrait of Sam Wagstaff + Robert Mapplethorpe <film ; 2007>  |3 IT\ICCU\UBO\3947606 
245 0 0 |a Black white + gray :  |b a portrait of Sam Wagstaff + Robert Mapplethorpe /  |c a film by James Crump. 
260 |a London :  |b Revolver Entertainment,  |c 2008 
300 |a 1 DVD video (73 min) :  |b color 
500 |a Caratteristiche tecniche: regione 2; PAL; 4:3; Dolby digital, 2.0 
500 |a Titolo del contenitore 
500 |a Interpreti: Sam Wagstaff, Robert Mapplethorpe, Henry Geldzahler, Joan Juliet Beck, Eugenia Parry, Truman Capote, Dick Cavett, Dominick Dunne, Patti Smith, Jeffrey Fraenkel 
500 |a Produzione cinematografica: Stati Uniti, 2007. 
700 1 |a Capote, Truman  |0 IT\ICCU\CFIV\022708  |4 prf 
700 1 |a Mapplethorpe, Robert  |0 IT\ICCU\CFIV\057052  |4 prf 
700 1 |a Dunne, Dominick  |0 IT\ICCU\CFIV\083775  |4 prf 
700 1 |a Parry, Eugenia  |0 IT\ICCU\CFIV\164500  |4 prf 
700 1 |a Crump, James  |0 IT\ICCU\CFIV\168799  |4 drt 
700 1 |a Smith, Patti  |0 IT\ICCU\RAVV\027518  |4 prf 
700 1 |a Cavett, Dick  |0 IT\ICCU\RAVV\483593  |4 prf 
700 1 |a Geldzahler, Henry  |0 IT\ICCU\UBOV\096334  |4 prf 
700 1 |a Wagstaff, Samuel J.  |0 IT\ICCU\UBOV\340285  |4 prf 
700 1 |a Beck, Joan Juliet  |0 IT\ICCU\UBOV\340286  |4 prf 
700 1 |a Fraenkel, Jeffrey  |0 IT\ICCU\UBOV\340288  |4 prf 
790 1 |a Kapote, Trumen  |3 IT\ICCU\SBNV\029113  |z Capote, Truman 
790 1 |a Smith, Patricia Lee  |3 IT\ICCU\CFIV\246317  |z Smith, Patti 
790 1 |a Smith, Patty  |3 IT\ICCU\SBNV\093687  |z Smith, Patti 
790 1 |a Smith, Pattie  |3 IT\ICCU\SBNV\093688  |z Smith, Patti 
942 |2 ddc  |c VM  |n 0 
952 |0 0  |1 0  |4 0  |6 VO_1881_000000000000000  |7 0  |9 27049  |a BO  |b BO  |d 2026-01-24  |i 15080  |l 0  |o VO 1881  |p BO15080  |r 2026-01-24 18:28:44  |w 2026-01-24  |x [Sebina 5] [1 dvd]  |y VM  |z 1 dvd 
999 |c 22890  |d 22890